| 000 | 00366nam a2200145Ia 4500 | ||
|---|---|---|---|
| 008 | 150201s2002 xx 000 0 und d | ||
| 082 |
_a617.6 _bD2002A |
||
| 100 | _aASH,MAJOR.M. | ||
| 245 | _aWHEELERS DENTAL ANATOMY PHYSIOLOGY AND OCCLUSION | ||
| 250 | _a6TH | ||
| 260 |
_bAITBS _aDELHI _c2002 |
||
| 300 | _a1-446 | ||
| 650 | _aDENTAL ANATOMY | ||
| 942 |
_2ddc _cBK _072 |
||
| 999 |
_c2671 _d2671 |
||